| 000 | 00464nam a2200145Ia 4500 | ||
|---|---|---|---|
| 008 | 210210b1980 xxu||||| |||| 00| 0 eng d | ||
| 082 | _a336.54 SINU | ||
| 100 | _aSINGH (Shailendra). | ||
| 245 | _aUnion state financial relations in India: with special reference to the under developed status. | ||
| 260 |
_aND _bSterling publishers pvt ltd. _c1980 |
||
| 300 | _axiv,143 | ||
| 650 | _aUnion state financial relations | ||
| 690 | _aPublic Finance | ||
| 906 | _a035590 | ||
| 999 |
_c86230 _d86230 |
||